An introduction to three-dimensional climate modeling /

Bibliographic Details
Main Author: Washington, Warren M.
Other Authors: Parkinson, Claire L.
Format: Book
Language:English
Published: Mill Valley, CA : Oxford ; New York : University Science Books ; Oxford University Press, [1986]
Subjects:

MARC

Tag First Indicator Second Indicator Subfields
LEADER 00000cam a2200000 a 4500
001 in00000014572
005 20151007052238.0
008 860904s1986 caua b 00110 eng d
035 |a (OCoLC)14177704 
035 |9 AAA6943AM 
040 |a DLM  |c DLM  |d CNR  |d m/c  |d TXA  |d UtOrBLW 
049 |a TXAM  |c [A11042795] 
050 4 |a QC874  |b .W32 1986 
100 1 |a Washington, Warren M. 
245 1 3 |a An introduction to three-dimensional climate modeling /  |c Warren M. Washington, Claire L. Parkinson. 
264 1 |a Mill Valley, CA :  |b University Science Books ;  |a Oxford ;  |a New York :  |b Oxford University Press,  |c [1986] 
264 4 |c ©1986 
300 |a xiv, 422 pages :  |b illustrations ;  |c 24 cm. 
336 |a text  |b txt  |2 rdacontent 
337 |a unmediated  |b n  |2 rdamedia 
338 |a volume  |b nc  |2 rdacarrier 
504 |a Bibliography: pages [391]-413. 
500 |a Includes index. 
650 0 |a Climatology  |x Mathematical models. 
700 1 |a Parkinson, Claire L. 
999 |a MARS 
999 f f |s 83ef594b-ae71-3953-b0dc-51857fd39261  |i bf77b5d6-40a4-3b20-b429-7654de54e354  |t 0 
952 f f |p normal  |a Texas A&M University  |b College Station  |c Sterling C. Evans Library  |d Evans: Library Stacks  |t 0  |e QC874 .W32 1986  |h Library of Congress classification  |i unmediated -- volume  |m A14811042795 
998 f f |a QC874 .W32 1986  |t 0  |l Evans: Library Stacks